<?xml version="1.0" encoding="UTF-8"?><?xml-stylesheet type="text/xsl" href="static/style.xsl"?><OAI-PMH xmlns="http://www.openarchives.org/OAI/2.0/" xmlns:xsi="http://www.w3.org/2001/XMLSchema-instance" xsi:schemaLocation="http://www.openarchives.org/OAI/2.0/ http://www.openarchives.org/OAI/2.0/OAI-PMH.xsd"><responseDate>2026-04-17T03:11:45Z</responseDate><request verb="GetRecord" identifier="oai:www.recercat.cat:20.500.12694/7444" metadataPrefix="marc">https://recercat.cat/oai/request</request><GetRecord><record><header><identifier>oai:recercat.cat:20.500.12694/7444</identifier><datestamp>2025-12-31T09:19:48Z</datestamp><setSpec>com_2072_179042</setSpec><setSpec>col_2072_484474</setSpec></header><metadata><record xmlns="http://www.loc.gov/MARC21/slim" xmlns:dcterms="http://purl.org/dc/terms/" xmlns:xsi="http://www.w3.org/2001/XMLSchema-instance" xmlns:doc="http://www.lyncode.com/xoai" xsi:schemaLocation="http://www.loc.gov/MARC21/slim http://www.loc.gov/standards/marcxml/schema/MARC21slim.xsd">
   <leader>00925njm 22002777a 4500</leader>
   <datafield ind2=" " ind1=" " tag="042">
      <subfield code="a">dc</subfield>
   </datafield>
   <datafield ind2=" " ind1=" " tag="720">
      <subfield code="a">Ponsí i Vilà, Guillem</subfield>
      <subfield code="e">author</subfield>
   </datafield>
   <datafield ind2=" " ind1=" " tag="260">
      <subfield code="c">2023-06</subfield>
   </datafield>
   <datafield ind2=" " ind1=" " tag="520">
      <subfield code="a">Quan vaig plantejar el meu concert de final de grau, em vaig trobar davant de la situació d’haver-me de pensar quines obres en formarien part. Per aquest motiu, vaig haver de fer la reflexió sobre com s’elabora un programa de concert, com fer que sigui interessant, perquè la gent no s'avorreixi. Per tant, aquest projecte surt de la necessitat d’entendre i conèixer quins són els elements que configuren un bon programa, ja que no hi ha literatura al respecte ni s’ha teoritzat sobre el tema. A través d’entrevistes a alguns dels principals programadors del panorama musical català i d’enquestes a públics de diferents perfils, he pogut elaborar una investigació sobre les qüestions que cal tenir en compte a l’hora de realitzar un programa de concert, tenint en compte els agents i els factors que hi estan implicats.</subfield>
   </datafield>
   <datafield ind2=" " ind1=" " tag="520">
      <subfield code="a">Cuando planteé mi concierto de final de grado, me encontré con la situación de tener que pensar qué obras formarían parte del concierto. Por este motivo, hice la reflexión sobre cómo se elaboraba un programa de concierto, cómo hacerlo para que fuera interesante y para que la gente no se aburriese. Por lo tanto, este proyecto surge de la necesidad de comprender y conocer cuáles son los elementos que configuran un buen programa, ya que no hay literatura al respecto ni se ha teorizado sobre el tema. Mediante entrevistas a algunos de los principales programadores del panorama musical catalán y encuestas a públicos de diferentes perfiles, he podido elaborar una investigación sobre las cuestiones que se deben tener en cuenta en el momento de realizar un programa de concierto, teniendo en cuenta los agentes y los factores que están involucrados.</subfield>
   </datafield>
   <datafield ind2=" " ind1=" " tag="520">
      <subfield code="a">When I was thinking about my final concert, I realized that I had to decide which pieces should my concert have. So, then I wondered how are the concert programs built, what could I do with this program to become interesting and to keep the audience from getting bored. Therefore, this study has born from the necessity to understand and to know what are the elements that make up a good program, since there is no literature on the subject and nobody has theorized about the program making. With the help of some interviews with the principal programmers of the Catalan musical panorama and surveys to a different audiences profiles, I was able to develop an investigation about which points should be necessary to be aware of when you are building a music program, considering the agents and factors which are related with it.</subfield>
   </datafield>
   <datafield ind1="8" ind2=" " tag="024">
      <subfield code="a">http://hdl.handle.net/20.500.12694/7444</subfield>
   </datafield>
   <datafield tag="653" ind2=" " ind1=" ">
      <subfield code="a">TFG Direcció</subfield>
   </datafield>
   <datafield tag="653" ind2=" " ind1=" ">
      <subfield code="a">Agents de concerts</subfield>
   </datafield>
   <datafield tag="653" ind2=" " ind1=" ">
      <subfield code="a">Concerts (Execució musical)--Programes</subfield>
   </datafield>
   <datafield ind2="0" ind1="0" tag="245">
      <subfield code="a">Elaboració d'un programa de concert: agents implicats i factors rellevants</subfield>
   </datafield>
</record></metadata></record></GetRecord></OAI-PMH>